000 00821nam a2200241 i 4500
001 69094
003 ES-MaACL
005 20230906170431.0
007 t|
008 040909r19982002sp ||||1| spa d
020 _a84-7239-391-7
080 _a24(081) Edith Stein, Santa
100 1 _aEdith Stein
_cSanta (
_d1891-1942)
_946641
245 1 0 _aObras selectas /
_cEdith Stein ; edición preparada por Francisco Javier Sancho Fermín.
250 _a2ª ed., reimp.
260 _aBurgos :
_bMonte Carmelo,
_c1998 (
_g2002)
300 _a615 p., [3] h. de lám. ;
_c19 cm.
490 1 _aMaestros espirituales cristianos ;
_v12
700 1 _aSancho Fermín, Francisco Javier.
_9103038
830 0 _aMaestros espirituales cristianos ;
_v12
_9230976
852 _aES-MaACL
_jL-28095
_bR.134023
999 _c69094
_d69094